000 00799nam a2200253 i 4500
001 180256
003 ES-MaACL
005 20250727032054.0
008 120521s1983 sp |||| | spa d
020 _a84-85887-30-1
080 _a39
080 _a159.9
100 1 _aCrawford, C. Joanne.
_9150060
245 1 0 _aAntropología psicológica :
_bel estudio de la personalidad en la cultura /
_cC. Joanne Crawford.
260 _a[Barcelona] :
_bAnthropos,
_c1983.
300 _a70 p. ;
_c28 cm.
490 1 _aCuadernos antropología ;
_v2
504 _aBibliografía: p. 67-70.
650 4 _aEtnopsicología.
_912602
650 _aPersonalidad y cultura.
_9173671
830 1 _aCuadernos de antropología
_v2
_9224620
852 _aES-MaACL
_j2313-F-2
999 _c180256
_d180256